Japan's ASEAN policy : in search of proactive multilateralism /

Bibliographic Details
Main Author: Sudō, Sueo (Author)
Format: Book
Language:English
Published: Singapore : Institute of Southeast Asian Studies, 2015.
Subjects:
Classic Catalogue: View this record in Classic Catalogue
LEADER 01755nam a2200385 i 4500
001 45819
003 BD-DhAAL
005 20260520160406.0
008 260520t2015 si a b 001 0 eng
010 |a  2014329225 
020 |a 9789814519021 
020 |a 9789814519786 
035 |a 18523702 
040 |a DLC  |b eng  |e rda  |c DLC  |d DLC  |d BD-DhAAL 
042 |a lcode  |a pcc 
043 |a a-ja---  |a as----- 
050 0 0 |a DS845  |b .S73 2015 
082 0 4 |a 327.52  |2 23 
100 1 |a Sudō, Sueo,  |e author.  |9 60934 
245 1 0 |a Japan's ASEAN policy :  |b in search of proactive multilateralism /  |c by Sueo Sudo. 
260 |a Singapore :  |b Institute of Southeast Asian Studies,  |c 2015. 
300 |a xiv, 282 pages ;  |c 23 cm 
504 |a Includes bibliographical references (pages 243-263) and index. 
526 8 |a AAL 
541 1 |a Donated by Embassy of Japan in Bangladesh, Read Japan Project 2025, The Tokyo Foundation, supported by The Nippon Foundation.  |e 45819 
546 |a In English. 
610 2 0 |a ASEAN. 
650 0 |a International relations. 
651 0 |a Japan  |x Foreign relations  |y 1989-  |9 60578 
651 0 |a Japan  |x Relations  |z Southeast Asia.  |9 60935 
651 0 |a Southeast Asia  |x Relations  |z Japan.  |9 60936 
852 1 |a Ayesha Abed Library  |c General Stacks 
942 |2 ddc  |c BK 
999 |c 48002  |d 48002 
952 |0 0  |1 0  |2 ddc  |4 0  |6 327_520000000000000_SOU  |7 0  |9 79249  |a BRACUL  |b BRACUL  |d 2026-05-20  |e Donated by Embassy of Japan in Bangladesh, Read Japan Project 2025, The Tokyo Foundation, supported by The Nippon Foundation.  |l 0  |o 327.52 SOU  |p 3010045819  |r 2026-05-20  |t 1  |w 2026-05-20  |y BK  |x Donated copy received from Embassy of Japan in Bangladesh, Read Japan Project 2025, The Tokyo Foundation, supported by The Nippon Foundation on 08 April 2026; $25.16 Amazon.com